Welcome to the Holygrace Academy Library

Please use search bar below to get started

NANCY DREW - FALSE NOTES (Record no. 7870)

MARC details
000 -LEADER
fixed length control field 00647nam a22001457a 4500
020 ## - INTERNATIONAL STANDARD BOOK NUMBER
ISBN 978-0-689-86568-8
082 ## - DEWEY DECIMAL CLASSIFICATION NUMBER
Classification number 823
Item number KEE/N
100 ## - MAIN ENTRY--AUTHOR NAME
Personal name KEENE, CAROLYN
245 ## - TITLE STATEMENT
Title NANCY DREW - FALSE NOTES
260 ## - PUBLICATION, DISTRIBUTION, ETC. (IMPRINT)
Place of publication NEW YORK
Name of publisher ALADDIN PAPERBACKS
Year of publication 2004
300 ## - PHYSICAL DESCRIPTION
Number of Pages 150
520 ## - SUMMARY, ETC.
Summary, etc Another un-cracked mystery to be solved by everyone's favourite sleuth – Nancy Drew. This time involving Heather Simmons, the most likely and liked candidate for the upcoming election for role of mayor of River Heights. Heather's daughter, Leslie, has mysteriously disappeared days before her music examination.
650 ## - SUBJECT ADDED ENTRY--TOPICAL TERM
Topical Term DETECTIVE
Geographic subdivision UNITED STATES
942 ## - ADDED ENTRY ELEMENTS (KOHA)
Koha item type Books
Holdings
Withdrawn status Lost status Collection code Home library Current library Shelving location Date acquired Source of acquisition Cost, normal purchase price Full call number Accession Number Koha item type
    Fiction Main Library Main Library NEW SHELF WITH NEW ENTRY 20/11/2023 purchase 250.00 823 KEE/N 13443 Books